Joueurs passés par Nantes et Rennes - Statistiques

Statistiques générales
  • Ce quiz a été pris 33 fois
  • Le résultat moyen est 6 sur 33
Statistiques - réponses
Joueur Poste Nantes Rennes % Correct
Quentin Merlin DEF 2021-2024 2025-
86%
Valentin Rongier MIL 2014-2019 2025-
86%
Ludovic Blas MIL 2019-2023 2023-
76%
Matthis Abline ATT 2023- 2020-2023
72%
Sylvain Armand DEF 2000-2004 2013-2017
41%
Olivier Monterrubio MIL 1996-2001 2001-2006
38%
Ermir Lenjani DEF 2015-2016 2014-2017
28%
Sylvain Wiltord ATT 2011-2012 1992-19972007-2008
28%
Jocelyn Gourvennec MIL 1995-1998 1991-19952000-2002
17%
Christophe Le Roux MIL 1996-1999 1999-2002
14%
Ismaël Bangoura ATT 2012-2016 2009-2010
14%
Stéphane Ziani MIL 1991-1994 1995-1996
10%
Eddy Capron DEF 1990-1997 1997-1999
7%
Jean-Claude Darcheville ATT 2009-2010 1995-1998
7%
Nicolas Goussé ATT 2007-2009 1996-1999
7%
Patrice Rio DEF 1970-1984 1984-1986
7%
Pierre-Yves André ATT 2001-2003 1993-1997
7%
Serge Le Dizet DEF 1992-1998 1983-1992
7%
Tony Heurtebis GB 2005-2010 1995-1999
7%
Bruno Cheyrou MIL 2010-2012 2006-2009
3%
Claude Arribas DEF 1969-1974 1976-1978
3%
Guy Lacombe ATT 1976-1979 1985-1986
3%
Oscar Muller DEF 1975-1984 1984-1986
3%
Alfred Gérard ATT 1948-1949 1947-1948
0%
André Le Menn DEF 1953-1958 1958-1961
0%
Anton Raab DEF 1944-1949 1939-1940
0%
Bruno Steck DEF 1976-1979 1980-1981
0%
Giuseppe Mattioni GB 1950-1951 1948-1949
0%
Louis Pinat GB 1958-1959 1949-1958
0%
Maurice Sellin DEF 1944-1946 1946-1953
0%
Oswaldo Minci MIL 1950-1955 1948-1950
0%
Patrice Mayet DEF 1958-1959 1957-1958
0%
René Bouteiller ATT 1950-1952 1949-1950
0%
Aucun quiz correspondant
Distribution des résultats
% des personnes avec chaque résultat
Percentile par nombre de réponses
Votre historique - résultats
Vous n’avez pas pris ce quiz